MARC

LEADER 00000nam0a2200000 4500
001 362286
005 20231102011456.0
035 |a (RuTPU)RU\TPU\retro\19632 
090 |a 362286 
100 |a 20210722d1980 km y0rusy50 ca 
101 0 |a rus 
102 |a UZ 
105 |a a z 001zy 
200 1 |a Прочность железобетонных конструкций многоэтажных зданий  |f А. Б. Ашрабов 
210 |a Ташкент  |c Узбекистан  |d 1980 
215 |a 308 с.  |c ил. 
320 |a Библиогр.: с. 304-305 
606 1 |a Здания и постройки многоэтажные  |x Прочность  |2 stltpush  |3 (RuTPU)RU\TPU\subj\11642  |9 38562 
606 1 |a Железобетонные конструкции  |x Надежность  |2 stltpush  |3 (RuTPU)RU\TPU\subj\10647 
610 1 |a арматура 
610 1 |a железобетон 
610 1 |a деформативность 
610 1 |a деформативно-прочностные свойства 
610 1 |a разрушение 
610 1 |a расчет 
610 1 |a предельные состояния 
610 1 |a сейсмические воздействия 
675 |a 69.058  |v 4 
675 |a 624.012.45-192  |v 4 
700 1 |a Ашрабов  |b А. Б.  |g Абас Бабаевич 
801 1 |a RU  |b 63413507  |c 20210722 
942 |c BK